| 000 | 00713nam a22002177a 4500 | ||
|---|---|---|---|
| 005 | 20100809111224.0 | ||
| 010 | _aENG-98967 | ||
| 020 |
_c130.00 _a9789380017273 |
||
| 035 | _aEN-82499 | ||
| 037 | _bDBAD/PUB | ||
| 082 | _a330.954 | ||
| 100 |
_aM. Sivasankari _99112 |
||
| 245 |
_aIndian economic for competitors / _cby M. Sivasankari |
||
| 260 |
_aChennai _bToday Publications _c2009 |
||
| 270 |
_a192, BellsRoad _bChennai _e600005 |
||
| 300 |
_a148 p. _c21 cm. (Pbk) |
||
| 650 |
_aEconomics _99113 |
||
| 700 | _97380 | ||
| 942 |
_2ddc _cEN _h330.954 _mMSI |
||
| 999 |
_c40269 _d40269 |
||